| 000 | 00361nam a22001457a 4500 | ||
|---|---|---|---|
| 003 | SGT | ||
| 020 | _a978-0-19-808694-9 | ||
| 082 |
_a624.18341 _bSUB |
||
| 100 | _aSUBRAMANIAN,N | ||
| 245 | _aDESIGN OF REINFORCED CONCRETE STRUCTURE. | ||
| 260 |
_aNEW DELHI _bOXFORD UNIVERSITY PRESS _c2016 |
||
| 300 | _a857 | ||
| 650 | _aCIVIL ENGINEERING | ||
| 942 |
_2ddc _cBK _02 |
||
| 999 |
_c14656 _d14656 |
||